书目信息 |
| 题名: |
南四湖藻类种群特征
|
|
| 作者: | 裴海燕 主编 | |
| 分册: | ||
| 出版信息: | 北京 中国环境科学出版社 2010 |
|
| 页数: | 144页 | |
| 开本: | 26cm | |
| 丛书名: | ||
| 单 册: | ||
| 中图分类: | Q949.2 | |
| 科图分类: | ||
| 主题词: | 藻类--种群--研究--山东省 , 藻类 , 种群 | |
| 电子资源: | ||
| ISBN: | 978-7-5111-0440-3 | |
| 000 | 00814nam0 2200253 45 | |
| 001 | 1129217546 | |
| 005 | 20110420091414.03 | |
| 010 | @a978-7-5111-0440-3@dCNY25.00 | |
| 100 | @a20110414d2010 ekmy0chiy0110 ea | |
| 101 | 0 | @achi |
| 102 | @aCN@b110000 | |
| 105 | @aa z 000yy | |
| 106 | @ar | |
| 200 | 1 | @a南四湖藻类种群特征@ANan Si Hu Zao Lei Zhong Qun Te Zheng@f裴海燕主编@FPei Hai Yan Zhu Bian |
| 210 | @a北京@c中国环境科学出版社@d2010 | |
| 215 | @a144页@d26cm | |
| 330 | @a本书是山东省科技进步一等奖的成果汇总,作者为山东大学博士生导师。内容前沿,数据、图表都为真实实验成果,真实可信。 | |
| 606 | 0 | @a藻类@x种群@x研究@y山东省 |
| 606 | 0 | @a藻类 |
| 606 | 0 | @a种群 |
| 690 | @aQ949.2@v4 | |
| 701 | 0 | @a裴海燕@APei Hai Yan@4主编 |
| 801 | 0 | @aCN@bTANGWEI@c20110420 |
| 905 | @b0537259-63@dQ949.2@e199@f5 | |
| 南四湖藻类种群特征/裴海燕主编.-北京:中国环境科学出版社,2010 |
| 144页;26cm |
| ISBN 978-7-5111-0440-3:CNY25.00 |
| 本书是山东省科技进步一等奖的成果汇总,作者为山东大学博士生导师。内容前沿,数据、图表都为真实实验成果,真实可信。 |
| ● |
| 相关链接 |
|
|
|
|
正题名:南四湖藻类种群特征
索取号:Q949.2/199
 
预约/预借
| 序号 | 登录号 | 条形码 | 馆藏地/架位号 | 状态 | 备注 |
| 1 | 0537259 | 205372595 | 第二样本阅览室/ [索取号:Q949.2/199] | 在馆 | |
| 2 | 0537260 | 205372602 | 第三借阅区/ [索取号:Q949.2/199] | 在馆 | |
| 3 | 0537261 | 205372611 | 第三借阅区/ [索取号:Q949.2/199] |
已借出,限还日期为2026.08.12 借出人:邵元龙 |
|
| 4 | 0537262 | 205372620 | 第三借阅区/ [索取号:Q949.2/199] | 在馆 | |
| 5 | 0537263 | 205372639 | 第三借阅区/ [索取号:Q949.2/199] | 在馆 |